Teoría y problemas de teoría de grupos /

Guardado en:
Autor Principal: Baumslag, Benjamin.
Otros Autores: Chandler, Bruce.
Formato: Libro
Idioma:Spanish
English
Publicado: México : Libros McGraw-Hill, c1972.
Series:Serie de compendios Schaum
Etiquetas: Agregar Etiqueta
Sin Etiquetas, Sea el primero en etiquetar este registro!
LEADER 00969nam a22002415a 4500
001 MAT.inmabb002566
008 050427s1972####mx#a#####b####001#0#spa#d
005 20180806155313.0
245 1 0 |a Teoría y problemas de teoría de grupos /  |c por Benjamin Baumslag [y] Bruce Chandler ; traducción y adaptación Antonio Linares. 
260 |a México :  |b Libros McGraw-Hill,  |c c1972. 
300 |a 282 p. :  |b il. ;  |c 27 cm. 
440 0 |a Serie de compendios Schaum 
500 |a Traducción de: Schaum's outline of theory and problems of group theory. 
500 |a "Teoría y 600 problemas resueltos" -- Cubierta. 
504 |a Bibliografía: p. 275-276. 
100 1 |a Baumslag, Benjamin. 
240 1 0 |a Schaum's outline of theory and problems of group theory.  |l Español 
700 1 |a Chandler, Bruce. 
246 1 4 |a Teoría de grupos. 
246 1 0 |a Problemas de teoría de grupos. 
084 |a 20-01 (00A07)  |2 msc2000 
041 1 |a spa  |h eng 
859 |h 20  |i B3485e  |p A-8229  |b BIB. MATEMATICA